000 00695nam a2200289Ia 4500
005 20260324143222.0
008 008 260324s9999 xx 000 0 eng d
020 _a9781003067016
037 _aEBOOK
040 _aCRL
040 _beng
040 _cCRL
041 _2eng
041 _aeng
084 _qCRL
100 _aCharmont Wang
_91214828
245 0 _aSense and Nonsense of Statistical Inference
245 0 _bControversy: Misuse, and Subtlety
260 _bTaylor and Francis
260 _c1992
365 _a
365 _b180
856 _uhttp://www.taylorfrancis.com/books/9781003067016
942 _cEBOOK
999 _c1819957
_d1819957